000 00399nam a2200169Ia 4500
003 IT-RoPAU
008 120407s9999 xx 000 0 und d
040 _aIT-RoPAU
040 _cIT-RoPAU
100 _aMario Masini
245 _aFilippesi, Colossesi, Efesini, Filemone le lettere della prigionia
250 _aBrescia
260 _aQueriniana
300 _c cm
490 _v1
942 _cBK
999 _c9972
_d9972